Catálogo
 En Linea

Nortic A2 2013 : (Registro nro. 47838)

Detalles MARC
000 -CABECERA
campo de control de longitud fija 01356nam a2200289 i 4500
001 - NÚMERO DE CONTROL
campo de control 000048350
003 - IDENTIFICADOR DEL NÚMERO DE CONTROL
campo de control DO-SdBNP
005 - FECHA Y HORA DE LA ÚLTIMA TRANSACCIÓN
campo de control 20231017152020.0
006 - CÓDIGOS DE INFORMACIÓN DE LONGITUD FIJA--CARACTERÍSTICAS DEL MATERIAL ADICIONAL
campo de control de longitud fija a||||gr|||| 00| 0
007 - CAMPO FIJO DE DESCRIPCIÓN FÍSICA--INFORMACIÓN GENERAL
campo de control de longitud fija ta
008 - DATOS DE LONGITUD FIJA--INFORMACIÓN GENERAL
campo de control de longitud fija 190211e2013 dr a r 000 spa d
040 ## - FUENTE DE LA CATALOGACIÓN
Centro catalogador/agencia de origen DO-SdBNP
Lengua de catalogación spa
Centro/agencia transcriptor BNPHU
Normas de descripción rda
082 ## - NÚMERO DE LA CLASIFICACIÓN DECIMAL DEWEY
Número de documento/Ítem R426n
110 1# - ENTRADA PRINCIPAL--NOMBRE DE ENTIDAD CORPORATIVA
Nombre de entidad corporativa o nombre de jurisdicción como elemento de entrada República Dominicana. República Dominicana. Oficina Presidencial de Tecnología de la Información y Comunicaciones.
9 (RLIN) 37585
Término indicativo de función/relación autor
245 10 - MENCIÓN DE TÍTULO
Título Nortic A2 2013 :
Resto del título norma para la creación y administración de portales web del gobierno dominicana.
264 ## - PRODUCCIÓN, PUBLICACIÓN, DISTRIBUCIÓN, FABRICACIÓN Y COPYRIGHT
Producción, publicación, distribución, fabricación y copyright Santo Domingo :
Nombre del de productor, editor, distribuidor, fabricante Departamento de Estandarización Normativas y Auditoría Técnica
Fecha de producción, publicación, distribución, fabricación o copyright 2013
300 ## - DESCRIPCIÓN FÍSICA
Extensión 74 páginas ;
Otras características físicas Ilustraciones ;
Dimensiones 24 cm.
336 ## - TIPO DE CONTENIDO
Fuente rdacontent
Término de tipo de contenido texto
Código de tipo de contenido txt
337 ## - TIPO DE MEDIO
Fuente rdamedia
Nombre/término del tipo de medio sin mediación
Código del tipo de medio n
338 ## - TIPO DE SOPORTE
Fuente rdacarrier
Nombre/término del tipo de soporte volumen
Código del tipo de soporte nc
490 ## - MENCIÓN DE SERIE
Mención de serie Categoría: A
490 ## - MENCIÓN DE SERIE
Mención de serie documento ;
Designación de volumen o secuencia 1
500 ## - NOTA GENERAL
Nota general Incluye glosario de términos, páginas 61- 74.
505 ## - NOTA DE CONTENIDO CON FORMATO
Nota de contenido con formato Prólogo.--
Información miscelánea Marco Legal.--
-- Capítulo I
Título Norma para la creación y administración de portales Web del Gobierno Dominicano.--
Información miscelánea Capítulo II.
Título Usabilidad.--
Información miscelánea Capítulo III
Título Disposición de elementos.--
Información miscelánea Capítulo IV.
Título Contenido.--
Información miscelánea Capítulo V.
Título Administración y seguridad.--
Información miscelánea Capítulo VI.
Título Accesibilidad.
590 ## - NOTA LOCAL (RLIN)
Nota local Inventariado, 2023 / MF
942 ## - ELEMENTOS DE PUNTO DE ACCESO ADICIONAL (KOHA)
Fuente del sistema de clasificación o colocación Dewey Decimal Classification
Tipo de ítem Koha Libro
Existencias
Estado de retiro Estado de pérdida Fuente del sistema de clasificación o colocación Restricciones de uso No para préstamo Código de colección Localización permanente Ubicación/localización actual Ubicación en estantería Fecha de adquisición Fuente de adquisición Total de préstamos Signatura topográfica completa Código de barras Fecha visto por última vez Precio válido a partir de Tipo de ítem Koha
    Dewey Decimal Classification Excluido de préstamo   Patrimonio Dominicano Biblioteca Nacional Pedro Henríquez Ureña Biblioteca Nacional Pedro Henríquez Ureña Depósito 06.11.2018 Donado por el Despacho de la Primera Dama   R426n 48350-10 25.06.2020 25.06.2020 Libro

Con tecnología Koha